000 00286nam a2200121Ia 4500
008 190216s9999||||xx |||||||||||||| ||und||
100 _aKamal Pasha
245 0 _aSanthushtta Kudumvam
260 _bHidayath Book Stall
_c1989
300 _a64p
650 _aIslamic History
942 _cBK
999 _c22202
_d22202